| 000 | 00519nam a2200181Ia 4500 | ||
|---|---|---|---|
| 001 | 2371 | ||
| 005 | 20260306144802.0 | ||
| 008 | 260306t2010||||xx |||||||||||||| ||spa|| | ||
| 041 | _aESP | ||
| 082 |
_a616.89 _bC12A |
||
| 100 |
_aCaballo, Vicente E. _eAUT |
||
| 245 | 0 |
_aManual para la evaluación clínica de los trastornos psicológicos: _btrastornos de la edad adulta e informes psicológicos |
|
| 260 | _c2010 | ||
| 300 |
_a658 páginas : _c24 cm. |
||
| 650 | _aGEN | ||
| 654 | _aCPS | ||
| 942 |
_cLIB _dJUS _fJUS _2ddc _n |
||
| 999 |
_c2371 _d2371 |
||